M25 office market deteriorates (Record no. 72776)

MARC details
000 -LEADER
fixed length control field 01260cam a2200217 4500
001 - CONTROL NUMBER
control field WB3920-04
008 - FIXED-LENGTH DATA ELEMENTS--GENERAL INFORMATION
fixed length control field 030528n2003 000 0 eng u
035 ## - SYSTEM CONTROL NUMBER
System control number (Sirsi) u122445
245 ## - TITLE STATEMENT
Title M25 office market deteriorates
260 ## - PUBLICATION, DISTRIBUTION, ETC.
Date of publication, distribution, etc. 2003
490 ## - SERIES STATEMENT
Series statement Property Week
Volume/sequential designation 68(20) 23 May 2003, 12(1)
520 ## - SUMMARY, ETC.
Summary, etc. Knight Frank 's research reveals a decline in the M25 office market in the first quarter 2003. Vacancy rates have risen sharply from 8% in thefourth quarter 2002 to 9% in the firstquarter 2003 with 40% rise in availability in the southeast quadrant in the same period. Although letting of new space reached its highest level in more than two years and volume of space under offer increased by 25% during the first quarter, new space under construction fell by almost 50%. Institutional investment activity was limited due to existing exposure and a fall in values. The survey is available at http://www.knightfrank.com/ref/reports/M25%20Q1%202003.pdf
590 ## - LOCAL NOTE (RLIN)
Local note WB
650 ## - SUBJECT ADDED ENTRY--TOPICAL TERM
Topical term or geographic name entry element PROPERTY-COMMERCIAL PROPERTY-OFFICE PROPERTY-OFFICE PROPERTY MARKET
650 ## - SUBJECT ADDED ENTRY--TOPICAL TERM
Topical term or geographic name entry element M25
650 ## - SUBJECT ADDED ENTRY--TOPICAL TERM
Topical term or geographic name entry element LETTINGS MARKET
650 ## - SUBJECT ADDED ENTRY--TOPICAL TERM
Topical term or geographic name entry element PROPERTY INVESTMENT
650 ## - SUBJECT ADDED ENTRY--TOPICAL TERM
Topical term or geographic name entry element PRELETS
690 ## - LOCAL SUBJECT ADDED ENTRY--TOPICAL TERM (OCLC, RLIN)
Topical term or geographic name as entry element PROPERTY-COMMERCIAL PROPERTY-COMMERCIAL PROPERTY MARKET
942 ## - ADDED ENTRY ELEMENTS (KOHA)
Suppress in OPAC 0
Holdings
Withdrawn status Lost status Source of classification or shelving scheme Damaged status Not for loan Home library Current library Shelving location Date acquired Total Checkouts Full call number Barcode Date last seen Copy number Price effective from Koha item type
    Dewey Decimal Classification     London London News article 28/05/2003   WB3920-04 122445-1001 06/08/2019 1 06/08/2019 News article